Ruahine Forest Park Huts - Statistics

General Stats
  • This quiz has been taken 3 times
  • The average score is 17 of 58
Answer Stats
Answer % Correct
Awatere Hut
100%
Forks Hut
100%
Happy Daze Hut
100%
Howletts Hut
100%
Sunrise Hut
100%
Triplex Hut
100%
Waipawa Forks Hut
100%
Daphne Hut
50%
Diggers Hut
50%
Hinerua Hut
50%
Kelly Knight Hut
50%
Kiritaki Hut
50%
Longview Hut
50%
Makaretu Hut
50%
Maropea Forks Hut
50%
Pourangaki Hut
50%
Purity Hut
50%
Rangiwahia Hut
50%
Shutes Hut
50%
Stanfield Hut
50%
Tarn Bivouac
50%
Te Ekaou Hut
50%
Top Gorge Hut
50%
Top Maropea Hut
50%
Triangle Hut
50%
Waikamaka Hut
50%
Waterfall Hut
50%
Alice Nash Memorial Heritage Hut
0%
Barlow Hut
0%
Cattle Creek Hut
0%
Colenso Hut
0%
Crow Hut
0%
Dead Dog Hut
0%
Diane's Hut
0%
Gold Creek Hut
0%
Herricks Hut
0%
Ikawatea Forks Hut
0%
Iron Bark Hut
0%
Iron Gate Hut
0%
Kylie Bivouac
0%
Leon Kinvig Hut
0%
Mckinnon Hut
0%
Mid Pohangina Hut
0%
Ngamoko Hut
0%
Otukota Hut
0%
Parks Peak Hut
0%
Piripiri Hut
0%
Poutaki Hut
0%
Rockslide Hut
0%
Ruahine Corner Hut
0%
Ruahine Hut
0%
Sentry Box Hut
0%
Smiths Stream Hut
0%
Sparrowhawk Bivouac
0%
Taruarau Bivouac
0%
Toka Bivouac
0%
Upper Makaroro Hut
0%
Wakelings Hut
0%
No matching quizzes found
Score Distribution
Percent of People with Each Score
Percentile by Number Answered
Your Score History
You have not taken this quiz